[Event "Do it quickly! #4"]
[Site "SchemingMind.com"]
[Date "2013.01.23"]
[Round "-"]
[White "Savage72"]
[Black "emvarela"]
[Result "1-0"]
[WhiteCountry "NED"]
[BlackCountry "ARG"]
[WhiteElo "1683"]
[WhiteRD "62"]
[BlackElo "1779"]
[BlackRD "51"]
[GameID "325631"]

1. e4 e5 2. Bc4 Nf6 3. d4 exd4 4. Nf3 Nc6 5. O-O Bc5 6. Re1 O-O 7. e5 Ne8 8. Bg5 Be7 9. Bxe7 Qxe7 10. Nxd4 Qb4
11. Bb3 Nxd4 12. c3 Qb6 13. cxd4 c6 14. Nc3 d5 15. Kh1 Be6 16. Na4 Qa5 17. Nc5 b6 18. Nxe6 fxe6 19. Rc1 c5 20. a3 c4
21. Bc2 b5 22. Qh5 Rxf2 23. Qxh7+ Kf7 24. Rf1 Rxf1+ 25. Rxf1+ Ke7 26. Bg6 Kd7 27. Bxe8+ Rxe8 28. Rf7+ Kd8 29. h3 c3 30. Qxg7 cxb2
31. Rb7
1-0

[Event "Do it quickly! #4"]
[Site "SchemingMind.com"]
[Date "2013.01.21"]
[Round "-"]
[White "Savage72"]
[Black "kenneth m day"]
[Result "0-1"]
[WhiteCountry "NED"]
[BlackCountry "USA"]
[WhiteElo "1660"]
[WhiteRD "65"]
[BlackElo "1752"]
[BlackRD "52"]
[GameID "325632"]

1. e4 c5 2. d4 cxd4 3. c3 Nf6 4. Bc4 e5 5. cxd4 Nxe4 6. dxe5 Qa5+ 7. Nd2 Qxe5 8. Qe2 d5 9. Bb5+ Nd7 10. Bxd7+ Bxd7
11. f3 Bb4 12. fxe4 O-O 13. Nf3 Qxe4 14. Qxe4 dxe4 15. Nd4 e3 16. Ke2 exd2 17. Bxd2 Rfe8+ 18. Kd3 Bc5 19. Rac1 b6 20. Nb3 Bf5+
21. Kc4 Be7 22. Kd4 Bf6+ 23. Kc4 Rad8 24. Rce1 Bd3+ 25. Kb4 Bxb2 26. Rxe8+ Rxe8 27. Re1 Rxe1 28. Bxe1 f5 29. Bc3 a5+
0-1

[Event "Do it quickly! #4"]
[Site "SchemingMind.com"]
[Date "2013.01.21"]
[Round "-"]
[White "Savage72"]
[Black "Michal Drus"]
[Result "1-0"]
[WhiteCountry "NED"]
[BlackCountry "POL"]
[WhiteElo "1660"]
[WhiteRD "65"]
[BlackElo "1680"]
[BlackRD "67"]
[GameID "325633"]

1. e4 c6 2. d4 d5 3. e5 Bf5 4. Bd3 Bxd3 5. Qxd3 e6 6. Nf3 c5 7. b4 cxd4 8. Nxd4 Bxb4+ 9. c3 Qc7 10. O-O Bc5
11. Nf3 Nd7 12. Re1 Ne7 13. Ba3 O-O 14. Ng5 Nxe5 15. Qxh7#
1-0

[Event "Do it quickly! #4"]
[Site "SchemingMind.com"]
[Date "2013.01.26"]
[Round "-"]
[White "Savage72"]
[Black "SAMAEL"]
[Result "1/2-1/2"]
[WhiteCountry "NED"]
[BlackCountry "CAN"]
[WhiteElo "1660"]
[WhiteRD "65"]
[BlackElo "1716"]
[BlackRD "51"]
[GameID "325634"]

1. e4 e5 2. Bc4 Nf6 3. d4 exd4 4. Nf3 h6 5. Nxd4 d6 6. Nc3 Nc6 7. Nxc6 bxc6 8. O-O Be7 9. Re1 O-O 10. Bf4 Nh7
11. Qd2 Bg5 12. Bxg5 Qxg5 13. Qxg5 Nxg5 14. f4 Nh7 15. g3 Rb8 16. b3 Be6 17. Bd3 Bd7 18. Rad1 Rfe8 19. Kg2 Re7 20. Ne2 Rbe8
21. Nd4 Kh8 22. Kf2 c5 23. Nb5 Bxb5 24. Bxb5 Rb8 25. Bc6 Nf8 26. f5 Nd7 27. Bxd7 Rxd7 28. e5 Re8 29. exd6 Rxe1 30. Kxe1 cxd6
31. Kf2 Kg8 32. c4 f6 33. Re1 Kf7 34. g4 a5 35. Kf3 a4 36. Re6 g6 37. Ke4 axb3 38. axb3 gxf5+ 39. gxf5 Rb7 40. Rxd6 Rxb3
41. Rd3 Rxd3 42. Kxd3 Ke7 43. Ke4 Kd6 44. Kf4 h5 45. h3 h4 46. Ke4=
1/2-1/2

[Event "Do it quickly! #4"]
[Site "SchemingMind.com"]
[Date "2013.01.21"]
[Round "-"]
[White "Savage72"]
[Black "Gladiador"]
[Result "1-0"]
[WhiteCountry "NED"]
[BlackCountry "BRA"]
[WhiteElo "1683"]
[WhiteRD "62"]
[BlackElo "1276"]
[BlackRD "144"]
[GameID "325635"]

1. e4 e5 2. Bc4 Nc6 3. Nf3 h6 4. d4 Bd6 5. O-O Nf6 6. dxe5 Nxe5 7. Nxe5 Bxe5 8. f4 Bxb2 9. Bxb2 O-O 10. Nc3 Re8
11. e5 Ng4 12. Bxf7+ Kxf7 13. Qxg4 d6 14. Qh5+ Kf8 15. exd6 Qxd6 16. Qd5 Qb6+ 17. Kh1 Qxb2 18. Qc5+ Kg8 19. Nd5 b6 20. Qc6 Ba6
21. Rfb1 Qd4 22. Nxc7 Rac8 23. Qd5+ Qxd5 24. Nxd5 Rxc2 25. Rc1 Rc5 26. Rxc5 bxc5 27. Nc7 Re4 28. Nxa6 c4 29. g3 c3 30. Rc1 Ra4
31. Nc5 Rc4 32. Nd3 Kh7 33. Kg2 c2 34. Ne1 a5 35. Rxc2 Re4 36. Nd3 Rd4 37. Ne5 Rd5 38. Kf3 a4 39. h4 a3 40. Ke3 Rd8
41. Rc3 Ra8 42. Nc4 Rc8 43. Kd2 Rc7 44. Nxa3 Ra7 45. Kc2 Ra8 46. Kb2 Rb8+ 47. Rb3 Ra8 48. Nb5 Rb8 49. a4 Ra8 50. Ra3 Rb8
51. Kb3 Rb6 52. Kb4 Rb7 53. a5 Rb8 54. a6
1-0

[Event "Do it quickly! #4"]
[Site "SchemingMind.com"]
[Date "2013.01.21"]
[Round "-"]
[White "Savage72"]
[Black "Andrew Bates"]
[Result "0-1"]
[WhiteCountry "NED"]
[BlackCountry "WLS"]
[WhiteElo "1774"]
[WhiteRD "68"]
[BlackElo "1958"]
[BlackRD "150"]
[GameID "325636"]

1. e4 c6 2. d4 d5 3. exd5 cxd5 4. Bd3 Nc6 5. c3 Qc7 6. Ne2 Bg4 7. f3 Bd7 8. Bf4 e5 9. dxe5 Nxe5 10. O-O Bd6
11. Bg3 Nf6 12. Bc2 O-O 13. Nd2 Rfe8 14. Nb3 Nc4 15. Bxd6 Qxd6 16. Qc1 Rxe2 17. Nd4 Qb6 18. Kh1 Re5 19. b3 Ne3 20. Re1 Rae8
21. Bd3 Nh5
0-1

[Event "Do it quickly! #4"]
[Site "SchemingMind.com"]
[Date "2013.01.24"]
[Round "-"]
[White "emvarela"]
[Black "Savage72"]
[Result "1-0"]
[WhiteCountry "ARG"]
[BlackCountry "NED"]
[WhiteElo "1738"]
[WhiteRD "51"]
[BlackElo "1660"]
[BlackRD "65"]
[GameID "325637"]

1. e4 d6 2. d4 Nf6 3. Nc3 Nbd7 4. f4 e5 5. Nf3 c6 6. dxe5 dxe5 7. fxe5 Ng4 8. e6 fxe6 9. Ng5 Nde5 10. Qxd8+ Kxd8
11. h3 Nh6 12. Bf4 Nhf7 13. O-O-O+ Ke8 14. Nxf7 Nxf7 15. e5 Be7 16. Bc4 Bd7 17. Ne4 h6 18. Nd6+ Bxd6 19. exd6 b5 20. Be2 Rg8
21. g4 g5 22. Bg3 Nh8 23. c4 a6 24. c5 Nf7 25. h4 a5 26. h5 Kd8 27. Rhf1 Be8 28. d7 Bxd7 29. Rxf7
1-0

[Event "Do it quickly! #4"]
[Site "SchemingMind.com"]
[Date "2013.01.21"]
[Round "-"]
[White "kenneth m day"]
[Black "Savage72"]
[Result "1-0"]
[WhiteCountry "USA"]
[BlackCountry "NED"]
[WhiteElo "1770"]
[WhiteRD "51"]
[BlackElo "1657"]
[BlackRD "63"]
[GameID "325638"]

1. e4 d6 2. d4 Nf6 3. Nc3 Nbd7 4. f4 e5 5. Nf3 c6 6. Bc4 h6 7. O-O Qc7 8. fxe5 dxe5 9. dxe5 Ng4 10. Bxf7+ Kxf7
11. e6+ Kxe6 12. Nd4+ Ke7 13. Qxg4 Nf6 14. Qf4 Qxf4 15. Bxf4 Ke8 16. Rad1 Be7 17. e5 Nh5 18. Be3 Bg4 19. Nf3 g5 20. Rd4 Rd8
21. Rxg4
1-0

[Event "Do it quickly! #4"]
[Site "SchemingMind.com"]
[Date "2013.01.21"]
[Round "-"]
[White "Michal Drus"]
[Black "Savage72"]
[Result "0-1"]
[WhiteCountry "POL"]
[BlackCountry "NED"]
[WhiteElo "1733"]
[WhiteRD "63"]
[BlackElo "1683"]
[BlackRD "62"]
[GameID "325639"]

1. e4 d6 2. d4 Nf6 3. Nc3 Nbd7 4. f4 e5 5. Nf3 c6 6. dxe5 dxe5 7. Nxe5 Nxe5 8. fxe5 Qxd1+ 9. Nxd1 Ng4 10. Be2 Nxe5
11. Be3 Be7 12. O-O f6 13. Nc3 O-O 14. a4 Be6 15. Rfd1 Bg4 16. h3 Bxe2 17. Nxe2 b6 18. b3 Rfd8 19. Kf2 Ng6 20. Rxd8+ Rxd8
21. a5 c5 22. Nc3 Bd6 23. axb6 axb6 24. Ra6 Bf4 25. Rxb6 Bxe3+ 26. Kxe3 Ne5 27. Rb7 c4 28. b4 Ra8 29. b5 Ra3 30. Kd4 h6
31. Rc7 Ra8 32. b6 Rd8+ 33. Nd5 Kh7
0-1

[Event "Do it quickly! #4"]
[Site "SchemingMind.com"]
[Date "2013.01.26"]
[Round "-"]
[White "SAMAEL"]
[Black "Savage72"]
[Result "1/2-1/2"]
[WhiteCountry "CAN"]
[BlackCountry "NED"]
[WhiteElo "1716"]
[WhiteRD "51"]
[BlackElo "1660"]
[BlackRD "65"]
[GameID "325640"]

1. e4 d6 2. Nf3 Nd7 3. Nc3 Ngf6 4. Bc4 h6 5. Be2 e5 6. O-O c6 7. d3 Qc7 8. h3 Be7 9. Bd2 g5 10. Nh2 Nf8
11. Ng4 Ng6 12. Nxf6+ Bxf6 13. Bg4 Bxg4 14. Qxg4 Qd7 15. Qxd7+ Kxd7 16. g3 h5 17. Kg2 h4 18. g4 Nf4+ 19. Bxf4 gxf4 20. f3 Rag8
21. b4 Bd8 22. Rad1 Ke6 23. a4 a6 24. Ne2 Bb6 25. c4 Be3 26. d4 exd4 27. Nxd4+ Bxd4 28. Rxd4 Rd8 29. Rfd1 Ke5 30. b5 axb5
31. axb5 Rh6 32. bxc6 bxc6 33. c5 d5 34. exd5 cxd5 35. R4d2 Rc6 36. Re1+ Kf6 37. Rc1 d4=
1/2-1/2

[Event "Do it quickly! #4"]
[Site "SchemingMind.com"]
[Date "2013.01.21"]
[Round "-"]
[White "Gladiador"]
[Black "Savage72"]
[Result "0-1"]
[WhiteCountry "BRA"]
[BlackCountry "NED"]
[WhiteElo "1321"]
[WhiteRD "154"]
[BlackElo "1657"]
[BlackRD "63"]
[GameID "325641"]

1. e4 d6 2. d4 Nf6 3. Nc3 Nbd7 4. Bc4 e5 5. dxe5 dxe5 6. Bg5 h6 7. Bh4 g5 8. Bg3 c6 9. h3 Qc7 10. Nf3 Be7
11. O-O Nf8 12. Re1 Ng6 13. Qd2 Nf4 14. Bxf4 gxf4 15. Nh4 Rg8 16. Rad1 Be6 17. Bxe6 fxe6 18. Qe2 Nxe4 19. Qxe4 Bxh4 20. Qxe5 Qxe5
21. Rxe5 Ke7 22. Rde1 Rg6 23. R1e4 Bf6 24. Rxe6+ Kf7 25. Re2 f3 26. R2e3 Rxg2+ 27. Kf1 Rag8 28. Ke1 Rd8 29. a3 Rg1#
0-1

[Event "Do it quickly! #4"]
[Site "SchemingMind.com"]
[Date "2013.01.21"]
[Round "-"]
[White "Andrew Bates"]
[Black "Savage72"]
[Result "1-0"]
[WhiteCountry "WLS"]
[BlackCountry "NED"]
[WhiteElo "1958"]
[WhiteRD "150"]
[BlackElo "1774"]
[BlackRD "68"]
[GameID "325642"]

1. e4 d6 2. d4 Nf6 3. Nc3 Nbd7 4. g3 e5 5. Nf3 c6 6. Bg2 h6 7. O-O Qc7 8. a4 Be7 9. a5 g5 10. Re1 Nf8
11. Qd3 Ng6 12. Be3 Bg4 13. Qc4 Rg8 14. Nd5 Nxe4 15. Nxc7+
1-0